The taste of America = El sabor de América /
保存先:
| 第一著者: | |
|---|---|
| フォーマット: | 不明 |
| 言語: | English |
| 出版事項: |
Urbana, IL :
University of Illinois Press,
c2000.
|
| 主題: | |
| タグ: |
タグ追加
タグなし, このレコードへの初めてのタグを付けませんか!
|
MARC
| LEADER | 000000000a22000000004500 | ||
|---|---|---|---|
| 001 | 013342 | ||
| 020 | |a 0252068750 | ||
| 041 | 0 | |a eng | |
| 082 | 0 | 4 | |a 641.309.73 |b H586t |
| 100 | 1 | |a Hess, John L. | |
| 245 | 1 | 4 | |a The taste of America = |b El sabor de América / |c John L. Hess. |
| 246 | 3 | 1 | |a El sabor de América |
| 260 | 1 | |a Urbana, IL : |b University of Illinois Press, |c c2000. | |
| 300 | |a xxi, 390 páginas ; |c 21 cm. | ||
| 650 | 4 | |a COMIDA | |
| 650 | 4 | |a COCINA | |
| 650 | 4 | |a INDUSTRIA DE LA ALIMENTACION Y EL COMERCIO | |
| 500 | |a Colección George Yúdice | ||
| 999 | |c 19269 |d 19269 | ||
| 942 | |c BK |h 641.309.73 H586t |2 z | ||



